000 00709nam a2200253Ia 4500
003 OSt
005 20220918225022.0
006 a|||||r|||| 00| 0
007 ta
008 220917b |||||||| |||| 00| 0 eng d
024 _a236,166
037 _cTextual
040 _aARTS
_cARTS
_beng
041 _2eng
_aeng
082 _a/\26, N0
100 _aAwasthi Brahma Mitra
_9149463
245 0 _aRaja - yoga and its practice
260 _aDelhi
_bSwami Keshawananda Yoga Institute India
_c1990
300 _a202p.
_ccm.
650 _aSPIRITUALISM
700 _a Bajrang Singh Tr.
_9149464
942 _h/\26, N0
_cTEXL
_2CC
999 _c283120
_d283120